Matters and interactions. (4th ed.) (Record no. 50767)

MARC details
000 -LEADER
fixed length control field 00713nam a2200193 a 4500
008 - FIXED-LENGTH DATA ELEMENTS--GENERAL INFORMATION
fixed length control field 160601s2015 ||||||||||||||||| || u
020 ## - INTERNATIONAL STANDARD BOOK NUMBER
International Standard Book Number 9781118914502
050 ## - LIBRARY OF CONGRESS CALL NUMBER
Classification number QC 23.2 Cha
100 ## - MAIN ENTRY--PERSONAL NAME
Personal name Sherwood, Bruce A
245 10 - TITLE STATEMENT
Title Matters and interactions. (4th ed.)
Statement of responsibility, etc. Chabey, Ruth W. and Sherwood Bruce A.
250 ## - EDITION STATEMENT
Edition statement 4th ed.
260 ## - PUBLICATION, DISTRIBUTION, ETC.
Place of publication, distribution, etc. United States of America
Name of publisher, distributor, etc. John Wiley & Sons, Inc
Date of publication, distribution, etc. 2015
300 ## - PHYSICAL DESCRIPTION
Extent xvi, 992p. ill.
350 ## - PRICE (NR) (BK AM CF MU VM SE) [OBSOLETE]
Price 288.57
650 ## - SUBJECT ADDED ENTRY--TOPICAL TERM
Topical term or geographic name entry element PHYSICS-- TEXTBOOKS
650 ## - SUBJECT ADDED ENTRY--TOPICAL TERM
Topical term or geographic name entry element MECHANICS--TEXTBOOKS
700 ## - ADDED ENTRY--PERSONAL NAME
Personal name Chabay Ruth, W
995 ## - RECOMMENDATION 995 [LOCAL, UNIMARC FRANCE]
-- CBU-MAIN LIBRARY (Kitwe)
-- 288.57
-- 1
-- AVAILABLE
-- Jun 1, 2016
-- Main Library Open Access Collection
Holdings
Withdrawn status Lost status Source of classification or shelving scheme Damaged status Not for loan Home library Current library Shelving location Date acquired Total Checkouts Full call number Barcode Date last seen Price effective from Koha item type
          CBU-MAIN LIBRARY, KITWE. CBU-MAIN LIBRARY, KITWE.   11/30/2022   QC 23.2 Cha 745959 11/30/2022 11/30/2022 MONOGRAPH